[Event "OLNO 1920 SC Kreuzberg - SC Rotation Pa"]
[Site "?"]
[Date "2019.10.20"]
[Round "2.1"]
[White "Dauth, Benjamin"]
[Black "Thesing, Matthias"]
[Result "1-0"]
[WhiteElo "2256"]
[BlackElo "2319"]
[PlyCount "61"]
[EventDate "2019.??.??"]

1. e4 c5 2. c3 e6 3. d4 d5 4. exd5 exd5 5. Nf3 Nf6 6. Be3 c4 7. b3 cxb3 8. axb3
Bd6 9. Bd3 Nc6 10. O-O O-O 11. h3 h6 12. c4 Nb4 13. Nc3 Nxd3 14. Qxd3 Be6 15.
c5 Bb8 16. Ne5 Re8 17. f4 Bc8 18. b4 Ne4 19. Nxe4 dxe4 20. Qc2 Bc7 21. b5 b6
22. Qxe4 Be6 23. f5 Bd5 24. Qg4 h5 25. Qxh5 f6 26. Ng4 Bf7 27. Qh4 Qd5 28. Rae1
a6 29. bxa6 Rxa6 30. Nxf6+ gxf6 31. Bh6 1-0

[Event "OLNO 1920 SC Kreuzberg - SC Rotation Pa"]
[Site "?"]
[Date "2019.10.20"]
[Round "2.2"]
[White "Muse, Drazen"]
[Black "Neumeier, Lars"]
[Result "1/2-1/2"]
[WhiteElo "2357"]
[BlackElo "2303"]
[PlyCount "20"]
[EventDate "2019.??.??"]

1. Nf3 Nf6 2. b3 c5 3. Bb2 e6 4. e3 b6 5. c4 Bb7 6. Nc3 Be7 7. Be2 O-O 8. O-O
d5 9. cxd5 Nxd5 10. d4 Nd7 {(=)} 1/2-1/2

[Event "OLNO 1920 SC Kreuzberg - SC Rotation Pa"]
[Site "?"]
[Date "2019.10.20"]
[Round "2.3"]
[White "Seils, Joerg"]
[Black "Maetzkow, Maximilian Paul"]
[Result "1-0"]
[WhiteElo "2321"]
[BlackElo "2287"]
[PlyCount "63"]
[EventDate "2019.??.??"]

1. e4 c5 2. Nf3 d6 3. Bb5+ Nd7 4. O-O a6 5. Bxd7+ Bxd7 6. Re1 Nf6 7. c3 e6 8.
d4 Be7 9. Bg5 O-O 10. Nbd2 Bc6 11. Qe2 Rc8 12. dxc5 dxc5 13. Ne5 Nd7 14. Bxe7
Qxe7 15. Nxc6 Rxc6 16. e5 Rd8 17. Rad1 b5 18. c4 Rb6 19. b3 f5 20. exf6 Nxf6
21. Nf3 b4 22. Rxd8+ Qxd8 23. Ng5 Nd7 24. Nxe6 Qf6 25. g3 Rd6 26. Qe3 Qc3 27.
Qe4 h6 28. Kg2 Qd3 29. Qa8+ Kh7 30. Nf4 Nb6 31. Qf8 Rd8 32. Qxc5 1-0

[Event "OLNO 1920 SC Kreuzberg - SC Rotation Pa"]
[Site "?"]
[Date "2019.10.20"]
[Round "2.4"]
[White "Glantz, Robert"]
[Black "Bruchmann, Stephan"]
[Result "1-0"]
[WhiteElo "2291"]
[BlackElo "2220"]
[PlyCount "103"]
[EventDate "2019.??.??"]

1. e4 c6 2. d4 d5 3. e5 Bf5 4. h4 h6 5. g4 Be4 6. f3 Bh7 7. e6 Qd6 8. exf7+
Kxf7 9. Bd3 Nd7 10. Ne2 e5 11. Bxh7 Rxh7 12. Nbc3 Re8 13. Qd3 Ngf6 14. O-O Kg8
15. Kg2 Qe6 16. Ng3 e4 17. fxe4 dxe4 18. Qe2 Qxg4 19. Qxg4 Nxg4 20. Ncxe4 Ngf6
21. Nxf6+ Nxf6 22. Bd2 Kf7 23. Rf3 Bd6 24. Raf1 Bxg3 25. Kxg3 Kg6 26. Kh3 Rhh8
27. Bf4 Re2 28. Rb3 Re7 29. Be5 Rf8 30. Bd6 Rff7 31. Bxe7 Rxe7 32. Rg3+ Kf7 33.
Ra3 a6 34. Rff3 g5 35. hxg5 hxg5 36. Rfe3 Rd7 37. c3 Kg6 38. Ra5 Nd5 39. Re5
Kf6 40. Kg3 Rg7 41. Kg4 Rh7 42. Rf5+ Ke6 43. Re5+ Kd6 44. Re2 Rg7 45. c4 Nf6+
46. Kf5 Nd7 47. Re6+ Kc7 48. Kg4 Nf8 49. Re4 Nh7 50. Rf5 Kb6 51. Kh5 Rd7 52.
Kg6 1-0

[Event "OLNO 1920 SC Kreuzberg - SC Rotation Pa"]
[Site "?"]
[Date "2019.10.20"]
[Round "2.5"]
[White "Guth, Thomas"]
[Black "Moritz, Aron"]
[Result "0-1"]
[WhiteElo "2277"]
[BlackElo "2210"]
[PlyCount "100"]
[EventDate "2019.??.??"]

1. e4 c5 2. Nf3 d6 3. d4 cxd4 4. Nxd4 Nf6 5. Nc3 a6 6. Bg5 e6 7. f4 Be7 8. Qf3
Qc7 9. O-O-O Nbd7 10. g4 h6 11. Bxf6 Bxf6 12. h4 Qb6 13. Nde2 Be7 14. Bh3 g5
15. hxg5 hxg5 16. Bg2 Rg8 17. e5 gxf4 18. exd6 Bxd6 19. Rxd6 Qxd6 20. Rd1 Qc5
21. Nxf4 Ne5 22. Qe2 Nxg4 23. Ne4 Qe3+ 24. Qxe3 Nxe3 25. Nf6+ Kf8 26. Rd8+ Ke7
27. Rxg8 Kxf6 28. Bf3 Nc4 29. Nd3 Nd6 30. Rd8 Ke7 31. Rh8 Ra7 32. Ne5 Bd7 33.
c4 b6 34. Bc6 Rc7 35. Bxd7 Nxc4 36. Re8+ Kd6 37. Nxc4+ Rxc4+ 38. Kd2 Kxd7 39.
Ra8 a5 40. Kd3 Rf4 41. b3 f5 42. Rb8 Kc7 43. Re8 Re4 44. Rf8 Kc6 45. a3 a4 46.
b4 Re1 47. Kc4 b5+ 48. Kd4 e5+ 49. Kd3 f4 50. Rc8+ Kd7 0-1

[Event "OLNO 1920 SC Kreuzberg - SC Rotation Pa"]
[Site "?"]
[Date "2019.10.20"]
[Round "2.6"]
[White "Lehmann, Klaus"]
[Black "Mueller, Michael"]
[Result "1/2-1/2"]
[WhiteElo "2248"]
[BlackElo "2236"]
[PlyCount "89"]
[EventDate "2019.??.??"]

1. e4 e6 2. d4 d5 3. Nd2 h6 4. Ngf3 c5 5. exd5 exd5 6. Bb5+ Bd7 7. Qe2+ Qe7 8.
Bxd7+ Nxd7 9. Qxe7+ Nxe7 10. dxc5 Nc6 11. c3 Nxc5 12. O-O O-O-O 13. Nb3 Nxb3
14. axb3 Bc5 15. b4 Bb6 16. b5 Na5 17. Be3 Nc4 18. Bxb6 axb6 19. Rfe1 Rhe8 20.
Ra8+ Kd7 21. Rxd8+ Rxd8 22. b3 Nd6 23. Rd1 Kc7 24. Nd4 Ra8 25. g4 Ra2 26. f3 g6
27. Re1 Kd7 28. Re5 Ra1+ 29. Kg2 Rc1 30. Re3 Ne8 31. Rd3 Nd6 32. Kg3 Ke7 33.
Ne2 Rb1 34. Nd4 Rc1 35. h4 Rg1+ 36. Kf2 Rh1 37. Kg2 Rc1 38. h5 gxh5 39. gxh5
Kf6 40. Kg3 Rh1 41. Ne2 Rxh5 42. Nf4 Rg5+ 43. Kf2 Nxb5 44. Nxd5+ Ke6 45. c4 {
(=)} 1/2-1/2

[Event "OLNO 1920 SC Kreuzberg - SC Rotation Pa"]
[Site "?"]
[Date "2019.10.20"]
[Round "2.8"]
[White "Holzapfel, Daniel"]
[Black "Lisek, Juergen"]
[Result "1-0"]
[WhiteElo "2231"]
[BlackElo "2244"]
[PlyCount "61"]
[EventDate "2019.??.??"]

1. d4 e6 2. c4 Bb4+ 3. Bd2 a5 4. g3 d6 5. Nf3 b6 6. Bg2 Bb7 7. O-O Nf6 8. Bg5
d5 9. c5 bxc5 10. a3 Nbd7 11. axb4 cxb4 12. Ne5 Qc8 13. Bxf6 gxf6 14. Nxd7 Qxd7
15. Nd2 a4 16. e4 O-O 17. Qg4+ Kh8 18. Qh4 Kg7 19. Qg4+ Kh8 20. Qh4 Kg7 21.
exd5 Bxd5 22. Ne4 Qd8 23. Qg4+ Kh8 24. Qf4 Kg7 25. Rfc1 a3 26. bxa3 Rxa3 27.
Rab1 b3 28. Nc3 Bxg2 29. Kxg2 Qa8+ 30. Kg1 Qa5 31. Ne4 1-0

[Event "OLNO 1920 SSC Graal-Müritz - SV Empor B"]
[Site "?"]
[Date "2019.10.20"]
[Round "2.1"]
[White "Volke, Karsten"]
[Black "Luethke, Hans-Eckart"]
[Result "1-0"]
[WhiteElo "2463"]
[BlackElo "2115"]
[PlyCount "45"]
[EventDate "2019.??.??"]

1. d4 d5 2. c4 dxc4 3. Nf3 c5 4. e3 Nf6 5. Bxc4 cxd4 6. exd4 e6 7. O-O Be7 8.
Nc3 O-O 9. Bf4 Nc6 10. a3 b6 11. Qd3 Na5 12. Ba2 Bb7 13. b4 Nc6 14. Rad1 Rc8
15. d5 exd5 16. Nxd5 Nxd5 17. Bxd5 Bf6 18. Qb1 Qd7 19. Be4 Qg4 20. Bd6 Rfe8 21.
Bxh7+ Kh8 22. Bf5 Qh5 23. Bxc8 1-0

[Event "OLNO 1920 SSC Graal-Müritz - SV Empor B"]
[Site "?"]
[Date "2019.10.20"]
[Round "2.3"]
[White "Foerster, Jonas"]
[Black "Van Bentum, Horst"]
[Result "1-0"]
[WhiteElo "2261"]
[BlackElo "2072"]
[PlyCount "83"]
[EventDate "2019.??.??"]

1. Nf3 Nf6 2. d4 e6 3. c4 b6 4. a3 Bb7 5. Nc3 d5 6. cxd5 Nxd5 7. e3 Be7 8. Bb5+
c6 9. Bd3 Nd7 10. O-O N7f6 11. e4 Nxc3 12. bxc3 O-O 13. c4 Ne8 14. Bb2 g6 15.
Qe2 Bf6 16. Rad1 Qc7 17. Rfe1 Rd8 18. a4 Ng7 19. Ba3 Rfe8 20. Qe3 Be7 21. Bb2
Bf8 22. Qc1 Nh5 23. Bf1 Qf4 24. Qc2 Bb4 25. Re3 Qc7 26. g3 Be7 27. Bg2 Bf6 28.
Red3 Bg7 29. Qd2 Ba6 30. Rc1 Rd7 31. Bh3 Rdd8 32. Bg2 Rd7 33. e5 Bf8 34. g4 Ng7
35. Ng5 c5 36. d5 exd5 37. Rxd5 Rxd5 38. cxd5 Rxe5 39. Bxe5 Qxe5 40. Re1 Qc7
41. Ne4 Ne8 42. Nxc5 1-0

[Event "OLNO 1920 SSC Graal-Müritz - SV Empor B"]
[Site "?"]
[Date "2019.10.20"]
[Round "2.4"]
[White "Moritz, Hartmut"]
[Black "Szajbely, Zsigmond"]
[Result "1/2-1/2"]
[WhiteElo "2074"]
[BlackElo "2293"]
[PlyCount "189"]
[EventDate "2019.??.??"]

1. e4 c5 2. c3 d6 3. d4 Nf6 4. Bd3 Nc6 5. Ne2 g6 6. O-O Bg7 7. h3 O-O 8. Be3
Nd7 9. f4 cxd4 10. cxd4 Qb6 11. Nbc3 Nxd4 12. Kh1 Qxb2 13. Rb1 Nxe2 14. Rxb2
Ng3+ 15. Kh2 Nxf1+ 16. Bxf1 Bxc3 17. Rb3 Bg7 18. Bc4 Nf6 19. e5 dxe5 20. fxe5
Ne8 21. Bf4 Nc7 22. Qc1 Be6 23. Bxe6 Nxe6 24. Rxb7 Rac8 25. Qe3 Nxf4 26. Qxf4
e6 27. Rxa7 Rc5 28. Qa4 Bxe5+ 29. Kg1 Rcc8 30. Kf2 Rfd8 31. Rd7 Rxd7 32. Qxd7
Rc2+ 33. Kf3 Rxa2 34. Qc8+ Kg7 35. Qc5 Bf6 36. g4 h6 37. Kg3 Rd2 38. Qc4 e5 39.
h4 Rd4 40. Qe2 Rd5 41. Qe4 Rd4 42. Qe2 e4 43. h5 Be5+ 44. Kg2 Rb4 45. Qe3 gxh5
46. g5 Kg6 47. gxh6 Bf6 48. Qf4 Rb2+ 49. Kf1 Bg5 50. Qxe4+ Kxh6 51. Qa8 Bf6 52.
Qe4 Kg7 53. Qf3 Rb5 54. Kg2 Rg5+ 55. Kf1 h4 56. Qf4 Kg6 57. Qe4+ Kg7 58. Qf4
Rg3 59. Kf2 Rg6 60. Kf1 h3 61. Qh2 Rh6 62. Qg3+ Kh8 63. Qh2 Bd4 64. Ke2 Kh7 65.
Kd3 Bf6 66. Ke3 Be5 67. Qh1 h2 68. Qe4+ Kg8 69. Qa8+ Kg7 70. Qh1 Rg6 71. Qd5
Kh6 72. Kf2 Rg1 73. Qxe5 h1=Q 74. Qf6+ Kh7 75. Qxf7+ Rg7 76. Qf5+ Kg8 77. Qc8+
Kf7 78. Qd7+ Kf6 79. Qd4+ Kg6 80. Qg4+ Kh6 81. Qf4+ Kh7 82. Qf5+ Rg6 83. Qf7+
Rg7 84. Qf5+ Kg8 85. Qc8+ Kf7 86. Qd7+ Kf6 87. Qd4+ Kg6 88. Qg4+ Kh6 89. Qf4+
Kh5 90. Qf5+ Kh6 91. Qf6+ Kh7 92. Qf5+ Kg8 93. Qc8+ Kf7 94. Qd7+ Kf6 95. Qd4+
1/2-1/2

[Event "OLNO 1920 SSC Graal-Müritz - SV Empor B"]
[Site "?"]
[Date "2019.10.20"]
[Round "2.5"]
[White "Sulayev, Daniel"]
[Black "Simcaks, Sergejs"]
[Result "1-0"]
[WhiteElo "2149"]
[BlackElo "1838"]
[PlyCount "51"]
[EventDate "2019.??.??"]

1. Nf3 c5 2. g3 d6 3. Bg2 Nc6 4. c4 Nf6 5. Nc3 g6 6. O-O Bg7 7. d4 cxd4 8. Nxd4
Bd7 9. e3 O-O 10. b3 Qa5 11. Bb2 Qh5 12. Qxh5 Nxh5 13. Nd5 Nxd4 14. exd4 Rac8
15. Rac1 Bh6 16. f4 Bg7 17. Bf3 Nf6 18. Rfe1 Rfd8 19. Kf2 Ne8 20. Ke3 h5 21.
Kd3 Kf8 22. Ba3 a5 23. Bb4 Bf6 24. Ra1 Rc7 25. Bxd6 h4 26. Kc2 1-0

[Event "OLNO 1920 SSC Graal-Müritz - SV Empor B"]
[Site "?"]
[Date "2019.10.20"]
[Round "2.6"]
[White "Jeske, Holger"]
[Black "Meissner, Hans-Juergen"]
[Result "1/2-1/2"]
[WhiteElo "1881"]
[BlackElo "2222"]
[PlyCount "81"]
[EventDate "2019.??.??"]

1. Nf3 Nf6 2. c4 g6 3. Nc3 Bg7 4. d4 O-O 5. e4 d6 6. Be2 Na6 7. O-O e5 8. dxe5
dxe5 9. Qxd8 Rxd8 10. Bg5 Re8 11. Rad1 Bg4 12. Rd2 Nc5 13. Bxf6 Bxf6 14. b4 Ne6
15. Ne1 Bxe2 16. Nxe2 a5 17. b5 Red8 18. Rc2 Be7 19. Nf3 f6 20. Nc3 c6 21. Na4
Nc5 22. Nxc5 Bxc5 23. Rb1 Rd7 24. Kf1 Rad8 25. Ke2 Kf7 26. bxc6 bxc6 27. Rd2
Ke6 28. Rxd7 Rxd7 29. Rb2 Bb4 30. Rb1 f5 31. exf5+ gxf5 32. Rd1 Rxd1 33. Kxd1
Be7 34. Ng1 e4 35. Ne2 Bc5 36. f3 exf3 37. gxf3 Ke5 38. Kc2 Bb4 39. Kd3 Bc5 40.
Kc2 Bb4 41. Kd3 1/2-1/2

[Event "OLNO 1920 SSC Graal-Müritz - SV Empor B"]
[Site "?"]
[Date "2019.10.20"]
[Round "2.8"]
[White "Hausmann, Ulrich"]
[Black "Breitzmann, Sander"]
[Result "1-0"]
[WhiteElo "1797"]
[BlackElo "1844"]
[PlyCount "75"]
[EventDate "2019.??.??"]

1. f4 g6 2. Nf3 Bg7 3. e3 c5 4. c3 d5 5. d4 Nc6 6. Be2 Bf5 7. O-O Nf6 8. Ne5
O-O 9. Bd3 Bxd3 10. Qxd3 Ne4 11. Nd2 f5 12. Nxe4 fxe4 13. Qb5 Bxe5 14. fxe5
Rxf1+ 15. Kxf1 cxd4 16. cxd4 Qd7 17. Bd2 Rf8+ 18. Kg1 a6 19. Qe2 Qc7 20. Rf1
Rxf1+ 21. Qxf1 Qb6 22. Bc3 Na5 23. e6 Qxe6 24. Bxa5 Qc6 25. Bc3 b5 26. a3 Qb6
27. Qe1 h5 28. Qg3 a5 29. Qe1 a4 30. Qg3 Qc6 31. h3 e6 32. Bb4 g5 33. Qb8+ Kh7
34. Qc7+ Kg8 35. Qd8+ Kh7 36. Qe7+ Kg8 37. h4 g4 38. Bd6 1-0

[Event "OLNO 1920 SC Rotation Pankow - SSC Graa"]
[Site "?"]
[Date "2019.11.24"]
[Round "3.1"]
[White "Luethke, Hans-Eckart"]
[Black "Rietze, Clemens"]
[Result "1/2-1/2"]
[WhiteElo "2110"]
[BlackElo "2269"]
[PlyCount "148"]
[EventDate "2019.??.??"]

1. e4 e5 2. Nf3 Nc6 3. d4 exd4 4. Nxd4 Nf6 5. Nxc6 bxc6 6. e5 Qe7 7. Qe2 Nd5 8.
c4 Ba6 9. b3 g5 10. Qe4 Bg7 11. Bb2 Nb6 12. Nd2 d5 13. cxd5 cxd5 14. Qe3 Bxf1
15. Kxf1 O-O-O 16. h4 h6 17. Qd3 Kb7 18. a4 c6 19. b4 Bxe5 20. Bxe5 Qxe5 21.
Nb3 Ka8 22. Re1 Qf4 23. Nd4 Rhe8 24. Rxe8 Rxe8 25. g3 Qd6 26. hxg5 hxg5 27. Rh7
Qxb4 28. Rxf7 Qxa4 29. Qg6 Rc8 30. Ne6 Qa1+ 31. Kg2 Qe5 32. Nxg5 d4 33. Qh7
Qd5+ 34. Ne4 c5 35. Rxa7+ Kb8 36. f3 Na8 37. Ra1 Nc7 38. Rb1+ Ka8 39. Rb2 Rb8
40. Rc2 Na6 41. Nf6 Qb3 42. Qe4+ Ka7 43. Nd7 Rc8 44. Ne5 Nb4 45. Qh7+ Ka6 46.
Rf2 Qd5 47. Nd3 Rb8 48. Qe4 Qxe4 49. Nxc5+ Kb5 50. Nxe4 Kc4 51. g4 d3 52. g5
Nd5 53. Kg3 Kd4 54. Ra2 Ke3 55. Nd2 Nc3 56. Nf1+ Kd4 57. Rh2 Ne2+ 58. Kf2 Rg8
59. Rh4+ Kd5 60. Rg4 Nf4 61. Ke3 Nh3 62. Ng3 d2 63. Kxd2 Nf2 64. Ra4 Rd8 65.
Ke2 Nh3 66. Re4 Kd6 67. Rd4+ Ke7 68. Rxd8 Kxd8 69. Ne4 Ke7 70. Ke3 Ke6 71. f4
Kf5 72. Nd6+ Kg6 73. Ne4 Kf5 74. Ng3+ Kg6 1/2-1/2

[Event "OLNO 1920 SC Rotation Pankow - SSC Graa"]
[Site "?"]
[Date "2019.11.24"]
[Round "3.3"]
[White "Van Bentum, Horst"]
[Black "Neumeier, Lars"]
[Result "1/2-1/2"]
[WhiteElo "2063"]
[BlackElo "2312"]
[PlyCount "105"]
[EventDate "2019.??.??"]

1. Nf3 c5 2. b3 Nf6 3. e3 e6 4. Bb2 Be7 5. Be2 O-O 6. O-O b6 7. c4 Bb7 8. Nc3
d5 9. cxd5 Nxd5 10. Nxd5 Qxd5 11. d4 Bf6 12. Rb1 Rd8 13. dxc5 Qxc5 14. Qc1 Qxc1
15. Rfxc1 Be4 16. Bxf6 gxf6 17. Rd1 Nc6 18. Rxd8+ Rxd8 19. Rd1 Rxd1+ 20. Bxd1
Kf8 21. Kf1 Ke7 22. Ke2 Kd6 23. Kd2 b5 24. a3 a5 25. Ne1 e5 26. f3 Bd5 27. Bc2
h6 28. g4 b4 29. a4 Nd8 30. f4 Ne6 31. Nd3 Bf3 32. h3 Kd5 33. Nb2 Bg2 34. fxe5
fxe5 35. h4 Bf1 36. g5 hxg5 37. h5 e4 38. h6 Nf8 39. Nc4 Bxc4 40. bxc4+ Kxc4
41. Bxe4 b3 42. h7 Nxh7 43. Bxh7 Kb4 44. Bg8 f6 45. Be6 Ka3 46. Kc3 b2 47. Kc2
g4 48. Kb1 g3 49. Bd5 f5 50. Bg2 Kb3 51. e4 fxe4 52. Bxe4 Kxa4 53. Kxb2 1/2-1/2

[Event "OLNO 1920 SC Rotation Pankow - SSC Graa"]
[Site "?"]
[Date "2019.11.24"]
[Round "3.4"]
[White "Seils, Joerg"]
[Black "Moritz, Hartmut"]
[Result "1/2-1/2"]
[WhiteElo "2323"]
[BlackElo "2076"]
[PlyCount "133"]
[EventDate "2019.??.??"]

1. e4 e6 2. d4 d5 3. exd5 exd5 4. Nf3 Bd6 5. c4 c6 6. Bd3 Ne7 7. O-O O-O 8. Nc3
dxc4 9. Bxc4 Bg4 10. h3 Bh5 11. Ne4 Nd5 12. Bg5 f6 13. Bh4 Bf4 14. Nc5 Bf7 15.
Ne5 Bxe5 16. dxe5 Qb6 17. Bxd5 Bxd5 18. Qc2 fxe5 19. Rfe1 Rf7 20. Rxe5 Nd7 21.
Nxd7 Rxd7 22. Rae1 Bf7 23. b3 Qd4 24. Bg5 Rf8 25. Qe2 Rd5 26. Re4 Qc3 27. h4 h6
28. Rc4 Qd3 29. Rb4 Qxe2 30. Rxe2 hxg5 31. Rxb7 a5 32. hxg5 Rxg5 33. f3 Bd5 34.
Kf2 Rgf5 35. Ra7 Bf7 36. Rc2 Rc8 37. Ra6 Be8 38. Rc4 Rd5 39. Ke3 Bd7 40. Rc2
Re8+ 41. Kf2 Kf7 42. g4 g5 43. Ra7 Ke6 44. Rc4 Kd6 45. Rc2 Ree5 46. Kg3 Rd3 47.
Rh2 Be6 48. Rf2 Rc5 49. Rg7 Bd7 50. Rh2 Rdd5 51. Rh6+ Kc7 52. Rh2 Kb6 53. Re2
Rc3 54. Ree7 Rcd3 55. Re2 Kb5 56. Re4 c5 57. Rg6 R3d4 58. Re3 a4 59. Rg8 axb3
60. axb3 Kb4 61. Rb8+ Ka3 62. b4+ Rd3 63. Rxd3+ Rxd3 64. bxc5 Rc3 65. Rd8 Bc6
66. Rf8 Rxc5 67. Rf5 1/2-1/2

[Event "OLNO 1920 SC Rotation Pankow - SSC Graa"]
[Site "?"]
[Date "2019.11.24"]
[Round "3.5"]
[White "Simcaks, Sergejs"]
[Black "Bruchmann, Stephan"]
[Result "0-1"]
[WhiteElo "1832"]
[BlackElo "2212"]
[PlyCount "58"]
[EventDate "2019.??.??"]

1. e4 c6 2. Nc3 g6 3. d4 Bg7 4. Be3 d5 5. Qd2 dxe4 6. Nxe4 Bf5 7. Ng3 Be6 8.
Nf3 Bd5 9. c4 Bxf3 10. gxf3 Nd7 11. h4 h5 12. f4 e6 13. Ne4 Ndf6 14. Ng5 Ne7
15. Bh3 Qd6 16. O-O-O O-O 17. Rhg1 Rfd8 18. Nf3 b5 19. Ne5 bxc4 20. f5 exf5 21.
f3 c5 22. Nxc4 Qa6 23. Na3 cxd4 24. Bf4 Nfd5 25. Bh6 Bh8 26. Kb1 Rab8 27. Qd3
Qa4 28. Bxf5 Nxf5 29. Qxf5 Qxd1+ 0-1

[Event "OLNO 1920 SC Rotation Pankow - SSC Graa"]
[Site "?"]
[Date "2019.11.24"]
[Round "3.6"]
[White "Guth, Thomas"]
[Black "Schulz, Wolf-Detlef"]
[Result "1-0"]
[WhiteElo "2254"]
[BlackElo "1842"]
[PlyCount "63"]
[EventDate "2019.??.??"]

1. e4 e5 2. Nc3 Bc5 3. Bc4 Nc6 4. d3 d6 5. Be3 Bxe3 6. fxe3 Qg5 7. Qe2 Bg4 8.
Nf3 Qh5 9. O-O-O O-O-O 10. h3 Bxf3 11. gxf3 Nge7 12. Rdg1 Qh6 13. Kb1 Rhf8 14.
f4 Kb8 15. f5 Na5 16. h4 Nxc4 17. dxc4 Qf6 18. Qg4 g6 19. Nd5 Nxd5 20. cxd5 Qe7
21. h5 Rg8 22. hxg6 fxg6 23. a3 a6 24. Rh6 gxf5 25. Qxg8 Rxg8 26. Rxg8+ Ka7 27.
exf5 Qf7 28. Rg5 Qxd5 29. Rg1 Qf3 30. f6 Qxe3 31. Rhh1 Qf4 32. Rf1 1-0

[Event "OLNO 1920 SC Rotation Pankow - SSC Graa"]
[Site "?"]
[Date "2019.11.24"]
[Round "3.7"]
[White "Jeske, Holger"]
[Black "Mueller, Michael"]
[Result "0-1"]
[WhiteElo "1887"]
[BlackElo "2232"]
[PlyCount "48"]
[EventDate "2019.??.??"]

1. e4 e6 2. d4 d5 3. e5 c5 4. c3 Nc6 5. Nf3 Qb6 6. Bd3 cxd4 7. cxd4 Bd7 8. Bc2
Nb4 9. O-O Nxc2 10. Qxc2 Ne7 11. Nc3 Ng6 12. a3 Be7 13. g3 O-O 14. h4 f6 15. h5
fxe5 16. hxg6 Rxf3 17. Kg2 Raf8 18. dxe5 d4 19. Ne4 d3 20. Qc4 Bb5 21. Qa2 Qc6
22. Kg1 Bc4 23. b3 Qxe4 24. bxc4 Bc5 0-1

[Event "OLNO 1920 SC Rotation Pankow - SSC Graa"]
[Site "?"]
[Date "2019.11.24"]
[Round "3.8"]
[White "Jeske, Eckhard"]
[Black "Kundt, Guenther"]
[Result "1-0"]
[WhiteElo "2159"]
[BlackElo "1760"]
[PlyCount "61"]
[EventDate "2019.??.??"]

1. c4 e6 2. e4 d5 3. cxd5 exd5 4. e5 Ne7 5. d4 Ng6 6. Nc3 c6 7. Bd3 Bb4 8. Nge2
Nd7 9. O-O Nb6 10. Ng3 Qc7 11. f4 Bd7 12. f5 Nf8 13. Bf4 Qc8 14. Nh5 Rg8 15.
Qg4 Be7 16. Nxg7+ Rxg7 17. Qxg7 Bxf5 18. Bg5 Be6 19. Bxe7 Kxe7 20. Rf3 Ng6 21.
Qxh7 Qg8 22. Qh6 Rf8 23. Raf1 Nd7 24. Rg3 Qh8 25. Qg5+ Ke8 26. Bxg6 fxg6 27.
Qxg6+ Bf7 28. Rxf7 Rxf7 29. e6 Qxd4+ 30. Kh1 Ne5 31. exf7+ 1-0

[Event "OLNO 1920 SC Zitadelle-Spandau - SC Kre"]
[Site "?"]
[Date "2019.11.24"]
[Round "3.1"]
[White "Muse, Drazen"]
[Black "Cremer, Jan Paul"]
[Result "1-0"]
[WhiteElo "2342"]
[BlackElo "2227"]
[PlyCount "120"]
[EventDate "2019.??.??"]

1. Nf3 Nf6 2. b3 g6 3. Bb2 Bg7 4. e3 O-O 5. d4 d6 6. Be2 c5 7. O-O b6 8. c4 Bb7
9. Nc3 Nbd7 10. Qd2 Ne4 11. Nxe4 Bxe4 12. Rad1 Qc7 13. Ng5 Bb7 14. d5 Bxb2 15.
Qxb2 Nf6 16. f4 h6 17. Nh3 b5 18. Nf2 bxc4 19. bxc4 Rab8 20. Qc3 Ba6 21. e4 Qb6
22. e5 Qb2 23. Qe3 Nd7 24. Rd2 Qb4 25. Rc2 Qa4 26. Rfc1 Rb1 27. Bd3 Rxc1+ 28.
Rxc1 Qa3 29. Re1 Kg7 30. Ng4 h5 31. Nf2 Nb6 32. f5 Qb2 33. exd6 exd6 34. Ne4
Qd4 35. f6+ Kg8 36. Qxd4 cxd4 37. Nxd6 Nxd5 38. cxd5 Bxd3 39. Rd1 Rd8 40. Nb7
Bc2 41. Rxd4 Rd7 42. d6 Bf5 43. Nc5 Rd8 44. d7 Kh7 45. Rf4 Kh6 46. h4 a5 47. a3
Bg4 48. Re4 Be6 49. Re5 a4 50. Kh2 Rxd7 51. Nxd7 Bxd7 52. Kg3 Be6 53. Kf4 Bb3
54. Re8 Kh7 55. Ke5 Bc4 56. Kd6 g5 57. hxg5 h4 58. Ke5 Bf1 59. Rf8 Bc4 60. Kf4
Bd5 1-0

[Event "OLNO 1920 SC Zitadelle-Spandau - SC Kre"]
[Site "?"]
[Date "2019.11.24"]
[Round "3.2"]
[White "Engers, Felix"]
[Black "Maetzkow, Maximilian Paul"]
[Result "1/2-1/2"]
[WhiteElo "2203"]
[BlackElo "2238"]
[PlyCount "50"]
[EventDate "2019.??.??"]

1. c4 c5 2. g3 Nc6 3. Bg2 g6 4. Nc3 Bg7 5. a3 d6 6. Rb1 a5 7. Nf3 e5 8. O-O f5
9. d3 Nge7 10. Ne1 O-O 11. Nc2 Kh8 12. b4 axb4 13. axb4 cxb4 14. Nxb4 Nxb4 15.
Rxb4 Nc6 16. Ra4 Rxa4 17. Qxa4 f4 18. Ba3 Nd4 19. Qb4 Nxe2+ 20. Nxe2 f3 21.
Qxd6 fxg2 22. Kxg2 Bd7 23. Kg1 Qc8 24. Bb2 Bh3 25. Bxe5 Bxf1 1/2-1/2

[Event "OLNO 1920 SC Zitadelle-Spandau - SC Kre"]
[Site "?"]
[Date "2019.11.24"]
[Round "3.3"]
[White "Glantz, Robert"]
[Black "Perestjuk, Marko"]
[Result "1-0"]
[WhiteElo "2303"]
[BlackElo "2122"]
[PlyCount "67"]
[EventDate "2019.??.??"]

1. e4 c5 2. Nf3 d6 3. d4 cxd4 4. Nxd4 Nf6 5. Nc3 a6 6. h3 e6 7. g4 d5 8. exd5
Nxd5 9. Nde2 Bb4 10. Bg2 O-O 11. O-O Nxc3 12. Nxc3 Qc7 13. Qd4 Nc6 14. Qc4 Ba5
15. Bf4 e5 16. Nd5 Be6 17. Be3 Rac8 18. c3 Qd7 19. Qc5 Rfd8 20. Rad1 Kh8 21.
Rd2 b5 22. Nb6 Bxb6 23. Qxb6 Qe7 24. Rxd8+ Nxd8 25. Rd1 h5 26. g5 f5 27. gxf6
Qxf6 28. Rd6 Qe7 29. h4 Qxh4 30. Qxa6 Bh3 31. Bd5 Qg4+ 32. Kh2 Bf1 33. Rh6+
gxh6 34. Qxh6# 1-0

[Event "OLNO 1920 SC Zitadelle-Spandau - SC Kre"]
[Site "?"]
[Date "2019.11.24"]
[Round "3.4"]
[White "Decker, Nils"]
[Black "Moritz, Aron"]
[Result "1-0"]
[WhiteElo "2034"]
[BlackElo "2224"]
[PlyCount "87"]
[EventDate "2019.??.??"]

1. e4 c5 2. Nf3 d6 3. c3 Nf6 4. Bd3 g6 5. O-O Bg7 6. Re1 O-O 7. Bf1 b6 8. d4
Bb7 9. d5 Na6 10. Bf4 Nh5 11. Bg5 h6 12. Bh4 Nc7 13. g4 Nf6 14. h3 Qd7 15. Bg3
Nh7 16. Nh4 Rad8 17. Qc2 e6 18. Na3 exd5 19. exd5 Bxd5 20. Rad1 Rfe8 21. Rxe8+
Qxe8 22. Nb5 Be4 23. Qb3 Nxb5 24. Bxb5 Qe7 25. f3 Bb7 26. Re1 Qf6 27. f4 Kh8
28. Qa4 a5 29. Bc6 Bxc6 30. Qxc6 d5 31. Qc7 d4 32. f5 dxc3 33. Nxg6+ fxg6 34.
Be5 c2 35. Bxf6 Bxf6 36. fxg6 Ng5 37. h4 Rd1 38. Qb8+ Kg7 39. Qc7+ Kg8 40. Qb8+
Kg7 41. Qb7+ Kh8 42. hxg5 Rxe1+ 43. Kh2 Be7 44. gxh6 1-0

[Event "OLNO 1920 SC Zitadelle-Spandau - SC Kre"]
[Site "?"]
[Date "2019.11.24"]
[Round "3.5"]
[White "Lehmann, Klaus"]
[Black "Van der Veen, Terry"]
[Result "1/2-1/2"]
[WhiteElo "2250"]
[BlackElo "2083"]
[PlyCount "125"]
[EventDate "2019.??.??"]

1. e4 e5 2. Nf3 Nc6 3. d4 exd4 4. Nxd4 Nf6 5. Nxc6 bxc6 6. Bd3 d5 7. exd5 cxd5
8. O-O Be7 9. c4 c6 10. cxd5 cxd5 11. Bb5+ Bd7 12. Bxd7+ Qxd7 13. Be3 O-O 14.
Bd4 Rfd8 15. Qd3 Ne4 16. Rd1 Nc5 17. Bxc5 Bxc5 18. Nc3 d4 19. Ne4 Bb6 20. Ng5
g6 21. Nf3 Qd5 22. a3 Rac8 23. Rac1 Rxc1 24. Rxc1 Qa2 25. b4 Qb2 26. Rb1 Qc3
27. Rd1 Rc8 28. Ne1 Qb2 29. Rb1 Qa2 30. Qb3 Qd2 31. Qd1 Qxd1 32. Rxd1 Rc3 33.
Rd3 Rc4 34. Kf1 Kg7 35. Ke2 a5 36. Rb3 a4 37. Rf3 f5 38. Kd2 Bd8 39. Nd3 Bg5+
40. Kd1 Kf6 41. Rh3 h5 42. f4 Bh6 43. Rf3 Rc3 44. Nc5 Rxf3 45. gxf3 Bxf4 46. h3
g5 47. Nxa4 g4 48. fxg4 fxg4 49. hxg4 hxg4 50. Nc5 Kf5 51. Ke2 Bd6 52. Nd3 Ke6
53. a4 Kd5 54. b5 Bc7 55. Kd2 g3 56. Ke2 Kc4 57. Ne1 Ba5 58. Ng2 d3+ 59. Kf3
Kb3 60. Ne3 Bb6 61. Nf1 Kxa4 62. Kxg3 Kxb5 63. Kf3 1/2-1/2

[Event "OLNO 1920 SC Zitadelle-Spandau - SC Kre"]
[Site "?"]
[Date "2019.11.24"]
[Round "3.7"]
[White "Holzapfel, Daniel"]
[Black "Kohler, Thomas"]
[Result "1/2-1/2"]
[WhiteElo "2243"]
[BlackElo "2160"]
[PlyCount "21"]
[EventDate "2019.??.??"]

1. d4 d6 2. Nf3 g6 3. c4 Bg7 4. Nc3 Nf6 5. e4 O-O 6. Be2 e5 7. O-O Nbd7 8. Re1
c6 9. Bf1 a5 10. h3 Re8 11. dxe5 1/2-1/2